000 02747cam a2200433 i 4500
001 23274858
003 JO-AjAnu
005 20251011085703.0
008 230811s2025 ilua 000 0 eng
010 _a 2023036556
020 _a9781718217683
_q(paperback)
020 _z9781718217690
_q(epub)
020 _z9781718217706
_q(pdf)
035 _a23274858
040 _aDLC
_beng
_erda
_cDLC
_dDLC
_dDLC
_dJO-AjAnu
041 _aeng
_heng
042 _apcc
050 0 0 _aGV546.6.W64
_bG69 2025
082 0 0 _a613.7/13082
_223/eng/20230925
084 _aSPO006000
_aSPO047000
_2bisacsh
100 1 _aGozo Shimonek, Betina,
_d1986-
_eauthor.
245 1 0 _aWomen's muscle & strength :
_bget lean, strong, and confident /
_cBetina Gozo Shimonek.
246 3 _aWomen's muscle and strength
264 1 _aChampaign, IL :
_bHuman Kinetics,
_c[2025]
300 _axvi, 237 pages :
_billustrations ;
_c24 cm
336 _atext
_btxt
_2rdacontent
337 _aunmediated
_bn
_2rdamedia
338 _avolume
_bnc
_2rdacarrier
505 0 _aBenefits of strength training for women -- Safety during strength training -- Equipment and movement foundations -- Getting started -- Part II: learning the exercises -- Carry, grip, and antimovement -- Knee dominant and hip dominant -- Horizontal and vertical push -- Horizontal and vertical pull -- Total body and rotational exercises -- Part III: programming for success -- Create your optimal program -- Gain strength -- Build sculpted muscle -- Get lean -- Improve muscle endurance.
520 _a"Women's Muscle & Strength provides details on benefits of strength training, safety tips during exercise, equipment and movement foundations, and getting started to those who new to a strength training program. The book contains 80 strength training exercises covering every area of the body. Detailed instructions and photos for each exercise are accompanied by variations, safety reminders, and tips. The book also includes four 12-week programs (encompassing 18 total workouts) organized by goal: gaining strength, building sculpted muscle, getting lean, or improving muscle endurance"--
_cProvided by publisher.
650 0 _aWeight training for women.
650 0 _aMuscle strength.
650 7 _aSPORTS & RECREATION / Bodybuilding & Weightlifting
_2bisacsh
650 7 _aSPORTS & RECREATION / Training
_2bisacsh
776 0 8 _iOnline version:
_aGozo Shimonek, Betina, 1986-
_tWomen's muscle & strength
_dChampaign, IL : Human Kinetics, [2025]
_z9781718217690
_w(DLC) 2023036557
906 _a7
_bcbc
_corignew
_d1
_eecip
_f20
_gy-gencatlg
942 _2lcc
_cBK
_n0
999 _c34026
_d34026